00401cam a22001454a 4500020003500000020003500035041000800070082001600078100001900094245003700113250001200150260005100162300001900213650002300232 a0231132204 (hard : alk. paper) a0231132212 (pbk. : alk. paper) aENG00a181.07bFAK1 aFakhry, Majid.12aA history of Islamic philosophy  a3rd ed. aNew York :bColumbia University Press,cc2004. axxvi, 430 p. ; 0aIslamic philosophy